000 00538nam a2200181Ia 4500
008 240925s9999 xx 000 0 und d
020 _a9780071752251
082 _a793.74 TIM
100 _aTimmerman, Charles
245 0 _aExercise your Executive Brain: 500 games,puzzles ,and activities to get in mental shape on the job
250 _aNA
260 _aNew York:
_bMc Graw HIll
_c,2011.
300 _a142p.
_bN.A
_fOriginal
500 _aNA
600 _aHumanities & Natural Science
650 _aArts and Recreation
942 _cBK
999 _c12216
_d12216